| 000 | 01343nam0a22003371 4500 | ||
|---|---|---|---|
| 001 | RU\INFOCOMM_322\NLR\5000204268 | ||
| 005 | 20250613111322.0 | ||
| 010 |
_917000 экз. _a5-05-000253-2 |
||
| 035 | _a(NLR Aleph) 009585862 | ||
| 090 |
_a9219899 _c9219899 |
||
| 100 | _a20130228d1986 |||y0rusy50 ca | ||
| 101 | 1 |
_ager _crus |
|
| 102 | _aRU | ||
| 105 | _ay z ||||| | ||
| 200 | 1 |
_aAltrussische Städte _eReiseführer zu hist. Baudenkmälern u. Kunstmuseen _fA. Milowski _g[Aus dem Russ. von Thea Marianne Bobrowski] |
|
| 210 |
_aM. _cRaduga _dCop.1986 |
||
| 215 |
_a256 с. _cил., цв. ил. _d21 см |
||
| 225 | 1 | _aReiseführer | |
| 300 | _aПер. изд.: Древние города России: Путеводитель / Александр Миловский | ||
| 300 | _aНа пер. сост. не указан | ||
| 454 | 0 |
_12001#$aДревние города России$eПутеводитель _tДревние города России |
|
| 606 | 0 |
_aАрхитектура, древнерусская _2nlr_sh1 |
|
| 620 | _aМосква | ||
| 686 |
_aЩ113(2Р=Р)3 _2rubbk |
||
| 700 | 1 |
_9z01790 _aMilovskij _bA. S. _gAleksandr Sergeevič |
|
| 790 | 1 |
_9z01700 _aMilowski _bA. _4070 |
|
| 801 | 1 |
_aRU _bInfocomm _c20130228 |
|
| 801 | 0 |
_aRU _bINFOCOMM _gPSBO |
|
| 852 |
_aNLR _jИс21 Д-3/241 |
||
| 942 | _cBOOK | ||
| 980 | _aNB | ||